| 000 | 00690nam a2200193 a 4500 | ||
|---|---|---|---|
| 001 | 000042669 | ||
| 005 | 20201002040320.0 | ||
| 008 | 140204s1981 sp a 000 0 spa d | ||
| 020 | _a8474680514 | ||
| 040 |
_aDO-SdBNP _bspa _cBNPHU |
||
| 082 |
_axxxxxx _bxxxxxx |
||
| 100 | 1 |
_aPosada, Adolfo _92134 |
|
| 245 | 1 | 0 |
_aBreve Historia del Krausismo Español / _cAdolfo Posada ; prólogo Luis G. de Valdeavellano. |
| 260 |
_aOviedo, España : _bUniversidad de Oviedo, _c1981. |
||
| 300 |
_a143 p. : _bil. ; _c21 cm. |
||
| 500 | _aIncluye referencias bibliográficas y notas al pie de las páaginas | ||
| 504 | _aBibliografías : p. 135-143 | ||
| 700 | 1 |
_aValdeavellano, Luis G. de, _epról. _969962 |
|
| 999 |
_c42158 _d42158 |
||